000 00737nam a2200253Ia 4500
003 OSt
005 20220928125012.0
006 a|||||r|||| 00| 0
007 ta
008 220927b |||||||| |||| 00| 0 eng d
020 _c1560.1199999999999
024 _a126158
037 _b031, 16/02/2015, Excel Book International
_cTextual
040 _aSDCL
_cSDCL
_beng
041 _2eng
_aeng
082 _aR3xK46, Q4
100 _aArthur Richard T. W.
_9467519
245 0 _aLeibniz
260 _aCambridge
_bPolity Press
_c2014
300 _axvi;231p.
_ccm.
650 _aPhilosophy
942 _hR3xK46, Q4
_cTEXL
_2CC
999 _c780383
_d780383